000 01441cas a2200337 4500
005 20170207143515.0
008 790228c19589999enkmr p 0 a0eng c
022 0 _a0003-3472
040 _aTxArU
_cTxArU
_dCtY
_dN
_dOCoLC
_dDLC
_dOCoLC
_dDLC
_dNSDP
_dAIP
_dOCoLC
_dMH
_dNSDP
_dNST
_dOCoLC
_dMH
_dDNAL
_dNST
_dDNLM
_dNSDP
_dOCoLC
_dDLC
_dInU
_dOCoLC
_dMCM
_dPBL
_dOCoLC
_dCaQMU
_dNLGGC
_dMiEM
_dOCoLC
_dUKMGB
_dOCLCF
_dDLC
_dCO-BoIAVH
041 0 _aspa
044 _ack
090 _aSE
245 0 0 _aAnimal behaviour.
246 3 _aAnimal behavior
260 _aLondon,
_bBaillière Tindall [etc.]
_c1953-.
260 3 _aAmsterdam
_bElsevier Ltd.
_c1953-.
300 _bilustraciones (algunas a color) ;
_c25 x19 cm.
310 _b1989-
_am
321 _a0
_b1958-<Aug. 1988>
321 _a0
_b<Aug. 1988->
510 0 _aScience direct
650 1 6 _aComportamiento animal
_vPublicaciones periódicas
650 2 6 _aEtología
_vPublicaciones periódicas
650 2 6 _aZoología
_vPublicaciones periódicas
710 2 _aAssociation for the Study of Animal Behaviour
710 2 _aEcological Society of America
_bSection of Animal Behavior and Sociobiology
710 2 _aAmerican Society of Zoologists
_bDivision of Animal Behavior and Sociobiology
710 2 _aAnimal Behavior Society
780 0 0 _tBritish journal of animal behaviour
_x0950-5601
_w(DLC) 99111991
_w(OCoLC)2065916
942 _2z
_cREVISTA
_s1
999 _c17342
_d17342